Typing pneumonoultramicroscopicsilicovolcanoconiosis in under 30s - Statistics

General Stats
  • This quiz has been taken 47 times
  • The average score is 38 of 45
Answer Stats
Hint Answer % Correct
e e
100%
n n
100%
n n
100%
n n
100%
n n
100%
u u
100%
u u
100%
p p
97%
p p
97%
m m
94%
m m
94%
o o
94%
o o
94%
o o
94%
o o
94%
o o
94%
o o
94%
o o
94%
o o
94%
o o
94%
a a
76%
a a
76%
c c
76%
c c
76%
c c
76%
c c
76%
c c
76%
c c
76%
i i
73%
i i
73%
i i
73%
i i
73%
i i
73%
i i
73%
l l
73%
l l
73%
l l
73%
r r
73%
r r
73%
s s
73%
s s
73%
s s
73%
s s
73%
t t
73%
v v
73%
No matching quizzes found
Score Distribution
Percent of People with Each Score
Percentile by Number Answered
Your Score History
You have not taken this quiz